000
00303nam a2200133 4500
999
_c
510624
_d
510624
008
190827b ||||| |||| 00| 0 eng d
100
_a
Elangovan, R.
_9
8916
245
_a
Yoga for lifestyle changes
260
_c
2019
300
_a
p.20-22.
773
_a
Yojana
906
_a
Yoga
942
_2
ddc
_c
AR